España y América 1812-1912 (Record no. 88040)
[ view plain ]
| 000 -LEADER | |
|---|---|
| campo de control de longitud fija | 00743nam a2200193 i 4500 |
| 001 - NÚMERO DE CONTROL | |
| campo de control | 88040 |
| 003 - IDENTIFICADOR DE NÚMERO DE CONTROL | |
| campo de control | ES-MaACL |
| 005 - FECHA Y HORA DE LA ÚLTIMA TRANSACCIÓN | |
| campo de control | 20250901123547.0 |
| 007 - CAMPO FIJO DE DESCRIPCIÓN FÍSICA--INFORMACIÓN GENERAL | |
| campo de control de longitud fija | t| |
| 008 - DATOS DE LONGITUD FIJA--INFORMACIÓN GENERAL | |
| campo de control de longitud fija | 050103s1912 sp |||| | spa d |
| 100 1# - ENTRADA PRINCIPAL--NOMBRE DE PERSONA | |
| Nombre de persona | Labra, Rafael M. de, |
| Fechas asociadas al nombre | 1840-1918 |
| 9 (RLIN) | 69273 |
| 245 10 - MENCIÓN DEL TÍTULO | |
| Título | España y América 1812-1912 |
| Resto del título | : estudios políticos, históricos y de derecho internacional / |
| Mención de responsabilidad, etc. | Rafael M. de Labra. |
| 260 ## - PUBLICACIÓN, DISTRIBUCIÓN, ETC. | |
| Lugar de publicación, distribución, etc. | Madrid : |
| Nombre del editor, distribuidor, etc. | [s.n., |
| Fecha de publicación, distribución, etc. | 1912] ( |
| Fabricante | Tip. del "Sindicato de Publicidad") |
| 300 ## - DESCRIPCIÓN FÍSICA | |
| Extensión | XV, 485 p. ; |
| Dimensiones | 21 cm. |
| 852 ## - LOCALIZACIÓN | |
| Ubicación | ES-MaACL |
| Número de control de estantería | F-1878 |
| Ubicación en estantería | Depósito 2 |
| Nota libre | revisado enlace: 1 de septiembre de 2025 |
| 856 4# - LOCALIZACIÓN Y ACCESO ELECTRÓNICOS | |
| Identificador Uniforme de Recursos | <a href="https://archive.org/details/espanayamerica00labr/page/n3/mode/2up">https://archive.org/details/espanayamerica00labr/page/n3/mode/2up</a> |
| Texto de enlace | Internet Archive |
| 942 ## - ELEMENTOS DE ENTRADA SECUNDARIOS (KOHA) | |
| Fuente del sistema de clasificación o colocación | Clasificación decimal universal |
| Estatus retirado | Estado de pérdida | Estado de daño | No para préstamo | Colección | Biblioteca de origen | Biblioteca actual | Ubicación en estantería | Fecha de adquisición | Fuente de adquisición | Total de préstamos | Signatura topográfica completa | Código de barras | Visto por última vez | Precio de reemplazo | Tipo de ítem Koha |
|---|---|---|---|---|---|---|---|---|---|---|---|---|---|---|---|
| Colección digital | Biblioteca del Ateneo de Madrid | Biblioteca del Ateneo de Madrid | Depósito 2 | 17/01/2008 | F-1878 | 1091966 | 23/02/2023 | 23/02/2023 | Libro impreso |
